[Event "Konakovo Rating 8th"]
[Site "Konakovo"]
[Date "2013.07.18"]
[Round "9"]
[White "Egiazarov, Emil"]
[Black "Kasyanov, Vasiliy"]
[Result "1-0"]
[WhiteElo "1988"]
[BlackElo "2106"]
[PlyCount "66"]
[EventDate "2013.07.06"]
[EventType "tourn"]
[EventRounds "11"]
[EventCountry "RUS"]
[SourceTitle "EXT 2014"]
[Source "ChessBase"]
[SourceDate "2013.11.20"]
[SourceVersion "1"]
[SourceVersionDate "2013.11.20"]
[SourceQuality "1"]

1. d4 d5 2. c4 c6 3. cxd5 cxd5 4. Bf4 Nc6 5. Nc3 Nf6 6. e3 e6 7. Nf3 Bb4 8. Rc1 Nh5 9. Bg3 Nxg3 10. hxg3 Bd7 11. Bd3 f5 12. Qb3 Qe7 13. a3 Ba5 14. 0-0 h5 15. Ne2 g5 16. Rc2 h4 17. gxh4 g4 18. Ng5 Rxh4 19. f4 gxf3 20. Nxf3 Rg4 21. Kf2 Qg7 22. Rg1 Ke7 23. Kf1 Rg8 24. Nf4 Bc7 25. Qxb7 Bxf4 26. Rxc6 Rxg2 27. Rh1 Qg3 28. Rh7+ Kf6 29. Rxe6+ Bxe6 30. Qe7+ Kg6 31. Nh4+ Qxh4 32. Qxh4 Bf7 33. Kxg2 Bg5 1-0

[Event "Konakovo Rating 8th"]
[Site "Konakovo"]
[Date "2013.07.16"]
[Round "5"]
[White "Egiazarov, Emil"]
[Black "Podobed, Vladimir"]
[Result "1/2-1/2"]
[WhiteElo "1988"]
[BlackElo "2064"]
[PlyCount "63"]
[EventDate "2013.07.06"]
[EventType "tourn"]
[EventRounds "11"]
[EventCountry "RUS"]
[SourceTitle "EXT 2014"]
[Source "ChessBase"]
[SourceDate "2013.11.20"]
[SourceVersion "1"]
[SourceVersionDate "2013.11.20"]
[SourceQuality "1"]

1. d4 d5 2. c4 e6 3. Nc3 Nf6 4. Bg5 Be7 5. cxd5 exd5 6. e3 0-0 7. Bd3 Nbd7 8. Nf3 c5 9. dxc5 Nxc5 10. Bc2 Be6 11. 0-0 a6 12. b4 Nce4 13. Nxe4 Nxe4 14. Bxe7 Qxe7 15. Qd4 Rac8 16. Rfc1 Rc4 17. Qe5 f6 18. Qb2 Qxb4 19. Bb3 Rxc1+ 20. Rxc1 Nc5 21. Qc3 Qxc3 22. Rxc3 Rc8 23. Nd4 Nxb3 24. Rxc8+ Bxc8 25. axb3 Kf7 26. Kf1 Ke7 27. b4 Kd6 28. Ke2 Bd7 29. f4 b6 30. Kd3 a5 31. Kc3 g5 32. g3 1/2-1/2